LEADER 01007nam a2200229 i 4500 001 000000045772 003 CaOOAMICUS 005 20090611000000.0 008 090611s1966 xx u000 u fre u 013 $a16942 040 $aSeMil$bita 245 13$aLe chant liturgique après Vatican 2 :$bsemaine d'etudes internationales, Fribourg (Suisse) Aout 1965. 260 $aParis :$bFleurus,$ccopyr. 1966. 300 $a247 p. ;$c20 cm. 490 0 $aKinnor. Études ;$v6 650 4$aConcilio Vaticano II <1962-1965>.$0(OLS)http://semarc/subject/283 650 4$aCanto liturgico.$0(OLS)http://semarc/subject/1875 830 0$aKinnor. Études ;$v6.$0(OLS)http://semarc/title/18405 850 $aSeMil 852 $aSeMil$W1$xVenegono$y1$m2A II 269$j11927$B11927$CSeMilBibl$Z2$F11927 $81 996 $6245$aLe chant liturgique après Vatican 2 :$bsemaine d'etudes internationales, Fribourg (Suisse) Aout 1965$9(OLS)http://semarc/title/68184 996 $6260$aParis :$bFleurus$9(OLS)http://semarc/publisher/33659 LEADER 01702nam a2200253 i 4500 001 000000197551 003 CaOOAMICUS 005 20110215000000.0 008 110215s1754 it u000 u ita u 013 $a176238 026 $ar-ra dii, ilr- meed (3) 1754 (Q) 040 $aSeMil$bita 245 10$aLettera a S. Eminenza il signor cardinale Angelo Maria Querini bibliotecario della S.R.C. vescovo di Brescia toccante il trattato tenuto per l'incorporazione de' PP. Barnabiti con gli Umiliati prima della loro soppressione. 260 $a(Lugano :$bStamperia privilegiata della Suprema Superiorità Elvetica nelle prefetture italiane,$c[1754]) 300 $a36 p. ;$c8°. 500 $aNome dell'A. e data presunta di pubbl. 1754 in fine al documento. - Titolo dell'intitolazione. - Iniziali xilogr. 650 4$aUmiliati.$0(OLS)http://semarc/subject/2618 700 1 $aOltrocchi, Baldassarre .$0(OLS)http://semarc/name/12365 710 2 $aStamperia privilegiata della Suprema Superiorità Elvetica nelle prefetture italiane$b.$0(OLS)http://semarc/name/71488 773 0 $t[Miscellanea.$w()24307 850 $aSeMil 852 $aSeMil$W1$xVenegono$y1$m5A I 23/1 FA$j148110$B148110$CSeMilBibl$Z2$F159532 $8I 996 $6245$aLettera a S. Eminenza il signor cardinale Angelo Maria Querini bibliotecario della S.R.C. vescovo di Brescia toccante il trattato tenuto per l'incorporazione de' PP. Barnabiti con gli Umiliati prima della loro soppressione$9(OLS)http://semarc/title/285263 996 $6260$a(Lugano :$bStamperia privilegiata della Suprema Superiorità Elvetica nelle prefetture italiane$9(OLS)http://semarc/publisher/51009